Super Smash Bros. Ultimate All Assist Trophies - Statistics

General Stats
  • This quiz has been taken 486 times
    475 since last reset
  • The average score is 34 of 59
Answer Stats
Universe Answer % Correct
Super Mario Waluigi
88%
Sonic the Hedgehog Knuckles
87%
Shovel Knight Shovel Knight
84%
Sonic the Hedgehog Shadow
83%
Bomberman Bomberman
81%
The Legendary Starfy Starfy
80%
Sheriff Sheriff
79%
Pac-Man Ghosts
78%
ARMS Spring Man
76%
WarioWare Ashley
74%
Nintendogs Nintendog
74%
Devil World Devil
73%
Dillon's Rolling Western Dillon
73%
Golden Sun Isaac
71%
Mega Man Zero
70%
Castlevania Alucard
69%
Monster Hunter Rathalos
69%
Metroid Metroid
68%
Metroid Mother Brain
67%
Fire Emblem Lyn
66%
Street Fighter Guile
65%
Star Fox Krystal
64%
Super Mario Hammer Bro.
62%
Color TV Color TV-Game 15
60%
Mega Man Wily Capsule
60%
EarthBound Jeff
59%
Star Fox Andross
58%
The Legend of Zelda Skull Kid
57%
Fire Emblem Black Knight
56%
Donkey Kong Klaptrap
56%
The Legend of Zelda Midna
56%
Splatoon Squid Sisters
56%
Fire Emblem Tiki
56%
Xenoblade Chronicles Riki
54%
Virtua Fighter Akira
53%
Bayonetta Rodin
53%
Animal Crossing Kapp'n
51%
Super Mario Chain Chomp
50%
Kirby Knuckle Joe
50%
The Legend of Zelda Moon
50%
Super Mario Thwomp
50%
Art Academy Vince
50%
Kirby Chef Kawasaki
49%
Metal Gear Gray Fox
49%
EarthBound Starman
48%
Swapnote Nikki
46%
Brain Age Dr. Kawashima
45%
The Legend of Zelda Ghirahim
45%
F-Zero Samurai Goroh
44%
Kirby Nightmare
43%
Joy Mech Fight Sukapon
41%
Nintendo Bade Arcade Arcade Bunny
40%
Kid Icarus Phosphora
39%
Pikmin Burrowing Snagret
37%
SimCity Dr. Wright
35%
The Mysterious Murasame Castle Takamaru
33%
For the Frog the Bell Tolls Prince of Sablé
29%
Fatal Frame Yuri Kozukata
29%
Super Mario Flies & Hand
27%
No matching quizzes found
Score Distribution
Percent of People with Each Score
Percentile by Number Answered
Your Score History
You have not taken this quiz since the last reset